| 000 | 00656nam a22001577a 4500 | ||
|---|---|---|---|
| 020 | _a978-1-444-71305-3 | ||
| 082 |
_a823 _bGRI/T |
||
| 100 | _aGRISHAM,JOHN | ||
| 245 | _aTHEODORE BOONE | ||
| 250 | _aFIRST | ||
| 260 |
_aLONDON _bHODDER&STOUGHTON LTD _c2010 |
||
| 300 | _a263 | ||
| 520 | _aTheo knows every judge, policeman, court clerk—and a lot about the law. He dreams of being a great trial lawyer, of a life in the courtroom. But Theo finds himself in court much sooner than expected. Because he knows so much—maybe too much—he is suddenly dragged into the middle of a sensational murder trial. | ||
| 650 |
_aNOVEL,ENGLISH _zLONDON |
||
| 942 | _cBK | ||
| 999 |
_c2372 _d2372 |
||